Annual report 2000-01. (Record no. 692543)

MARC details
000 -LEADER
fixed length control field 00721nam a2200241Ia 4500
003 - CONTROL NUMBER IDENTIFIER
control field OSt
005 - DATE AND TIME OF LATEST TRANSACTION
control field 20220927105432.0
008 - FIXED-LENGTH DATA ELEMENTS--GENERAL INFORMATION
fixed length control field 220926b |||||||| |||| 00| 0 eng d
037 ## - SOURCE OF ACQUISITION
Terms of availability Reference Collections
040 ## - CATALOGING SOURCE
Original cataloging agency RTL
Transcribing agency RTL
Language of cataloging eng
041 ## - LANGUAGE CODE
Source of code eng
Language code of text/sound track or separate title eng
110 ## - MAIN ENTRY--CORPORATE NAME
Corporate name or jurisdiction name as entry element BALMER LAWRIE AND CO. LTD.
9 (RLIN) 372510
245 #0 - TITLE STATEMENT
Title Annual report 2000-01.
260 ## - PUBLICATION, DISTRIBUTION, ETC.
Place of publication, distribution, etc. Kalkata
Name of publisher, distributor, etc. Balmer lawrie and co. ltd.
Date of publication, distribution, etc. 2001
300 ## - PHYSICAL DESCRIPTION
Extent 80p.
Dimensions cm.
700 ## - ADDED ENTRY--PERSONAL NAME
Personal name BALMER LAWRIE AND CO. LTD.
9 (RLIN) 372511
942 ## - ADDED ENTRY ELEMENTS (KOHA)
Classification part "X9(D).2.P01 - P0r, P1/GD"
Koha item type
Holdings
Withdrawn status Lost status Damaged status Not for loan Home library Current library Date acquired Total Checkouts Full call number Barcode Date last seen Price effective from Koha item type
        Ratan Tata Library Ratan Tata Library 2022-09-27   "X9(D).2.P01 - P0r P1/GD" RT1407487 2022-09-27 2022-09-27  
Copyright @ Delhi University Library System